[Event "Moscow-ch Women 2020"]
[Site "Moscow"]
[Date "2020.09.15"]
[Round "1.8"]
[White "Dimitrova, Aleksandra"]
[Black "Merkulova, Viktoria"]
[Result "1-0"]
[WhiteElo "2229"]
[BlackElo "1436"]
[Annotator "TA"]
[PlyCount "79"]
[EventDate "2020.09.15"]
[EventType "swiss"]
[EventCountry "RUS"]
[SourceTitle "playchess.com"]
[Source "ChessBase"]
[SourceQuality "1"]

{[%evp 14,79,39,38,33,43,49,37,49,34,33,31,57,0,0,0,64,52,60,77,88,91,89,34,50,40,102,92,106,108,151,179,175,181,157,55,64,50,70,-79,-25,-25,178,171,270,266,461,461,441,460,453,447,429,424,491,484,971,1131,827,1091,29977,29978,29972,29973,5718,1886,3125,2389]} 1. e4 c5 2. Nf3 Nc6 3. d4 cxd4 4. Nxd4 e5 5. Nb5 a6 6. Nd6+ Bxd6 7. Qxd6 Qe7 8. Qd1 d6 {B32: Sicilian: Löwenthal and Kalashnikov Variations.} 9. Nc3 Be6 10. Be3 Nf6 {White is slightly better.} 11. Be2 O-O 12. O-O h6 13. Nd5 (13. Qd2 $14) 13... Bxd5 $1 $11 14. exd5 Nb8 (14... Nd4 $1 $11) 15. a4 {[%cal Ba2a4,Ba4a5][%mdl 32] [#]} Nbd7 $146 ({Predecessor:} 15... a5 16. c3 Qc7 17. Qd3 Nbd7 18. Rfd1 Nc5 19. Qf5 Qc8 20. Qc2 Ng4 21. Bxc5 dxc5 {0-1 (57) Sakotic,J (2100)-Gocheva,R (2210) Star Dorjan 1996}) 16. a5 Ne4 17. f3 Ng5 18. b4 (18. c4 $16) 18... f5 $14 19. c4 Rac8 (19... f4 $14) 20. Bf2 Kh8 21. Qb3 Qf6 22. Rac1 Qg6 {[#] And now ...Nh3+ would win.} 23. Kh1 f4 24. Bd3 (24. c5 $16) 24... e4 $1 {[%cal Re4d3]} 25. fxe4 f3 {Threatens to win with ...fxg2+.} 26. g3 (26. Bg3 $14) 26... Qh5 (26... Nxe4 $17 {...Ne5 is the strong threat.} 27. Rce1 Nxf2+ 28. Rxf2 Rce8 29. Rxe8 Qxe8) 27. Bd4 $1 $11 f2 $2 {[#] Black cannot hold the game after this.} (27... Rce8 $1 $11 28. Qc2 Qh3) 28. Qd1 $36 {[%mdl 2048] Black is under strong pressure.} Qh3 (28... Nf3 $142 29. Rxf2 Qg5) 29. Rxf2 Ne5 $2 (29... Rxf2 {was necessary.} 30. Bxf2 Nf6) 30. Bf1 Qd7 31. Rxf8+ Rxf8 32. Bxe5 dxe5 33. Bg2 Rf2 34. c5 Nh3 (34... Kh7 $142 35. Qe1 Rb2) 35. c6 bxc6 36. dxc6 Rd2 37. cxd7 Nf2+ 38. Kg1 Nxd1 39. Rc8+ Kh7 40. d8=Q {Accuracy: White = 77%, Black = 47%.} 1-0

[Event "Moscow-ch Women 2020"]
[Site "Moscow"]
[Date "2020.09.15"]
[Round "1.9"]
[White "Miroshnik, Ekaterina"]
[Black "Strukova, Ksenia"]
[Result "1-0"]
[WhiteElo "2139"]
[BlackElo "1978"]
[Annotator "TA"]
[PlyCount "235"]
[EventDate "2020.09.15"]
[EventType "swiss"]
[EventCountry "RUS"]
[SourceTitle "playchess.com"]
[Source "ChessBase"]
[SourceQuality "1"]

{[%evp 11,235,0,0,-4,6,9,14,12,6,8,18,17,13,14,30,0,0,0,8,0,0,2,16,10,18,0,3,0,5,5,19,0,16,0,11,-9,14,0,25,12,17,8,16,0,16,16,18,16,35,16,21,21,41,0,39,26,25,30,44,0,0,0,0,-4,6,6,8,0,0,0,0,0,14,14,30,14,20,0,0,1,19,5,63,20,46,49,49,54,54,24,24,17,45,0,0,0,68,48,46,52,75,0,5,0,70,0,106,95,106,106,106,71,106,106,106,106,106,106,106,106,106,106,106,106,106,106,106,106,106,91,106,106,171,106,106,106,106,106,106,0,106,106,106,106,106,106,106,59,106,0,106,106,106,106,106,106,106,106,106,106,106,106,106,106,106,106,106,17,106,106,106,106,244,106,106,0,106,0,106,0,106,106,106,106,106,106,260,267,268,267,280,270,263,261,301,297,412,490,558,549,548,548,528,492,524,478,1138,1202,1154,555,1318,1288,1071,510,1421,1427,1307,1006,29974,7100,29981,29982,29981,29981,29981,29981]} 1. d4 Nf6 2. Nf3 g6 3. g3 Bg7 4. Bg2 d5 5. O-O O-O 6. c3 c6 7. Bf4 $1 {[%mdl 4] is recently more successful than 7.Nbd2. D02: 1 d4 d5 2 Nf3 sidelines, including 2...Nf6 3 g3 and 2...Nf6 3 Bf4.} Re8 8. Nbd2 {[%cal Bb1d2,Bd2e4,Be4c5,Bc5d3,Bd3e5][%mdl 32]} Nh5 {[#]} 9. Bxb8 $146 {The position is equal.} ({Predecessor:} 9. Be5 f6 10. Bxb8 Rxb8 11. e4 dxe4 12. Nxe4 e5 13. dxe5 Qxd1 14. Rfxd1 fxe5 15. Nd6 {1-0 (42) Zvjaginsev,V (2642)-Khayat,A (1723) St Petersburg 2018}) 9... Rxb8 10. e4 dxe4 11. Nxe4 Nf6 12. Nc5 Bg4 13. Qb3 Bxf3 14. Bxf3 Qc7 15. Rad1 e6 16. Rfe1 Bf8 17. Nd3 Rbd8 18. Bg2 h5 19. Ne5 Bd6 20. Nc4 Bf8 21. Ne5 Bd6 22. Nf3 Bf8 23. Qc2 Bg7 24. Re2 Nd7 25. Rde1 Re7 26. Bh3 Nf8 27. a4 Rde8 28. Qb3 Qb6 29. Qa3 Nh7 30. Nd2 Qc7 31. Nc4 Bf8 32. Qb3 h4 33. Bg2 Bg7 34. Qa3 Nf6 35. Qd6 Qxd6 36. Nxd6 Rd8 37. Nc4 hxg3 38. hxg3 Rc7 39. Ne5 Nd7 40. Nd3 Bf8 41. a5 a6 42. b4 Nf6 43. Nc5 Nd7 (43... Kg7 {looks sharper.} 44. Bf3 Be7 45. Kg2 Rh8 46. Rc2 Nd7) 44. Bh3 (44. f4 {with more complications.} Be7 45. Nd3 Kg7 46. Kf2 Rh8 47. Rh1) 44... Nxc5 45. bxc5 Bg7 46. f4 Kf8 (46... Bf6 $11) 47. Kg2 Rd5 48. Kf2 Bf6 49. Bg2 Rdd7 50. Rh1 Rc8 51. Be4 Kg7 52. Kf3 Rh8 53. Rb1 {Hoping for Reb2.} Rc8 (53... Bd8 $11) 54. Reb2 Rcc7 $1 55. Rh2 $36 {[%mdl 2048] Black is under pressure.} Rc8 56. Rbh1 (56. Ke3 $16) 56... Rg8 $1 $11 57. Rb2 Rc8 (57... Bd8 $11) 58. g4 (58. Ke3 $14) 58... Kf8 (58... Rh8 $11 {remains equal.} 59. Rxh8 Kxh8) 59. Rh7 {Bxg6! is the strong threat.} Re7 60. Rbh2 Rcc7 61. Rh1 Kg8 62. g5 Bg7 63. R7h2 Kf8 64. Ke3 Red7 65. Bd3 Rd8 66. Bc4 Rdd7 67. Rb1 Ke8 68. Rh7 Kf8 69. Rhh1 Ke8 70. Rb3 Kf8 71. Rb6 Ke7 (71... Kg8 $16 {was worth a try.} 72. Rhb1 Kf8) 72. Ke4 ({Better is} 72. Rh7 $18 Kf8 73. Rh2) 72... Kf8 73. Be2 Ke7 74. Rh7 Kf8 {Threatening ...Bxd4.} 75. Bd3 (75. Rh2 $16) 75... Kg8 (75... Bxd4 $1 $11 76. Rxf7+ Rxf7 77. cxd4 Rcd7) 76. Rh1 $16 Bf8 77. Rhb1 Kg7 78. Bc4 Be7 79. Ke5 Bf8 80. Ke4 Be7 81. R6b2 Bf8 82. Ba2 Kg8 83. Rh1 Bg7 84. Rd2 Bf8 85. Rd3 Bg7 86. Rhd1 Rc8 87. R3d2 Re8 88. Bc4 Bf8 89. Rb2 ({White should try} 89. Rh2 $16) 89... Rc8 (89... Bxc5 $1 $11 90. Rdb1 Be7) 90. Rdb1 Rcc7 91. Bd3 Bg7 (91... Be7 $16 92. Bf1 Bd8) 92. Rb3 (92. Bxa6 $1 $18 {and the rest is easy.} bxa6 93. Rb8+ Bf8 94. R1b6) 92... Bf8 93. Rb6 Kg7 $1 94. Bc4 Be7 95. R6b2 Bf8 $1 96. Rh1 {White leaves nothing to chance now.} Kg8 97. Rbb1 Bg7 98. Rh2 Rd8 $2 (98... Kf8 $16 99. Rhb2 Re7) 99. Rhb2 $18 Rdd7 100. Bxa6 $1 bxa6 {[#]} 101. Rb8+ $1 Bf8 102. R1b6 Kg7 103. Rxa6 {Threatens to win with Raa8.} Rb7 104. Rxb7 Rxb7 105. Rxc6 {[%mdl 4096] Endgame KRB-KR} Ra7 106. a6 Be7 107. c4 Kf8 108. d5 exd5+ (108... Ke8 $142 109. dxe6 fxe6) 109. cxd5 Ke8 110. Ke5 (110. Kd4 $142 Bd8 111. Kc4) 110... Kd7 {[#]} 111. Kd4 $1 {[%cal Rd4c4]} Bd8 112. Rd6+ (112. Kc4 $142 Bc7 113. Kb5) 112... Ke7 (112... Kc8 $142 113. Kc4 Re7) 113. Kc4 Bc7 114. Rf6 Bxf4 115. Rxf4 (115. d6+ $142 Bxd6 116. Rxd6 Ra8 117. Kb5 Rb8+ 118. Kc6 Rc8+ 119. Kb6 Rb8+ 120. Kc7) 115... Rxa6 116. d6+ {White mates.} Ke8 117. Kd5 Ra1 118. Rh4 {Accuracy: White = 81%, Black = 72%.} 1-0

[Event "Moscow-ch Women 2020"]
[Site "Moscow"]
[Date "2020.09.15"]
[Round "1.10"]
[White "Paramzina, Anastasya"]
[Black "Diakonova, Ekaterina"]
[Result "1-0"]
[WhiteElo "2209"]
[BlackElo "2209"]
[Annotator "TA"]
[PlyCount "53"]
[EventDate "2020.09.15"]
[EventType "swiss"]
[EventCountry "RUS"]
[SourceTitle "playchess.com"]
[Source "ChessBase"]
[SourceQuality "1"]

{[%evp 9,53,-3,9,0,22,-5,-5,0,0,0,0,-3,14,0,0,0,30,46,47,40,54,52,94,59,44,1,30,-24,75,49,218,225,601,594,1196,1194,1844,1826,1820,1794,1794,1716,29985,29986,2972,2641]} 1. e4 c5 2. Nf3 e6 3. b3 b6 4. Bd3 Bb7 5. O-O Nf6 6. Re1 {B40: Sicilian: 2...e6, Unusual lines.} Be7 7. c3 {[#]} d5 $146 {[%cal Rd5e4]} ({Predecessor:} 7... O-O 8. Na3 d5 9. e5 Nfd7 10. Nc2 Nc6 11. Bb5 Qc7 12. d4 Rac8 13. Bxc6 Qxc6 {1-0 (55) Mihalik,A-Torma,R Paks 1997}) 8. e5 {The position is equal.} Nfd7 9. Bf1 Nc6 10. d4 Rc8 11. Bb2 O-O 12. Na3 f6 13. exf6 Rxf6 14. Nc2 cxd4 15. cxd4 Qc7 16. a3 Rcf8 17. h3 Bd6 (17... Rxf3 $5 18. gxf3 Qf4 $14) 18. Ne3 (18. Rc1 $142) 18... Rf4 (18... Rxf3 $11 19. gxf3 Nf6) 19. Rc1 (19. Ng5 $5 {[%cal Rg5e6]} Nd8 20. Rc1 $14) 19... a6 $2 {[#] Now Black is done in.} (19... Nf6 $14) 20. Ng5 $1 $18 {[%cal Rg5e6]} Re8 $2 {[#]} (20... Rxf2 21. Nxe6 Qb8) 21. Nxd5 $1 {[%mdl 576] Double Attack, Pin} Qd8 (21... exd5 22. Rxe8+) 22. Qh5 h6 23. Nxf4 Bxf4 24. Qf7+ {[%mdl 64] Double Attack} Kh8 25. Nxe6 Rxe6 26. Rxe6 Nf6 27. Rcxc6 {Accuracy: White = 72%, Black = 33%.} 1-0

[Event "Moscow-ch Women 2020"]
[Site "Moscow"]
[Date "2020.09.15"]
[Round "2.8"]
[White "Paramzina, Anastasya"]
[Black "Fedorova, Olesya"]
[Result "1-0"]
[WhiteElo "2209"]
[BlackElo "1552"]
[Annotator "TA"]
[PlyCount "145"]
[EventDate "2020.09.15"]
[EventType "swiss"]
[EventCountry "RUS"]
[SourceTitle "playchess.com"]
[Source "ChessBase"]
[SourceQuality "1"]

{[%evp 12,145,38,47,38,0,7,0,4,0,0,0,0,0,0,0,0,0,0,0,22,24,47,0,39,0,37,23,52,35,65,58,120,73,117,91,93,93,139,124,154,140,149,146,151,158,160,154,184,173,190,131,126,111,112,111,120,120,258,125,258,258,263,263,264,263,462,453,444,421,387,335,368,233,650,236,412,413,872,847,949,0,778,173,193,0,617,173,523,0,174,54,191,173,496,0,193,0,525,0,1187,1134,1441,813,1993,1850,5085,6111,8575,5173,29982,29983,29983,29982,29982,29983,29983,29984,29984,29985,29985,29986,29989,29990,29990,29991,29991,29992,29994,29995,29995,29996,29996,29997,29997,29998]} 1. e4 c5 2. Nf3 Nc6 3. d4 cxd4 4. Nxd4 g6 5. c4 d6 6. Nc3 Bg7 7. Be3 Qb6 {[%cal Rc6d4] B38: Sicilian: Maroczy Bind with 5...Bg7 and 7...0-0.} 8. Nb3 (8. Ndb5 $5 {[%cal Re3b6]} Qa5 9. Be2 $11) 8... Bxc3+ 9. bxc3 Qc7 {The position is equal.} 10. c5 dxc5 $1 11. Nxc5 Nf6 12. f3 O-O 13. Be2 b6 14. Nb3 Rd8 15. Qc1 {[#]} Bb7 $146 ({Predecessor:} 15... Ne5 16. O-O Be6 17. Bd4 Nc6 18. Be3 Ne5 19. Bd4 Nc6 20. Be3 Ne5 {½-½ (20) Khusenkhojaev,M (2424)-Vakhidov,J (2519) Tashkent 2017}) 16. O-O Rac8 17. Bf4 Qd7 18. g4 Qe6 19. Qe3 Ne8 20. Nd4 Nxd4 21. cxd4 {[%cal Bc3d4,Bd4d5][%mdl 32]} Qc6 (21... Qd7 $14) 22. d5 Qc5 23. Rfc1 $36 {[%mdl 2048] White is really pushing.} Qxe3+ 24. Bxe3 Nf6 25. Kf2 h5 26. h3 hxg4 27. hxg4 Rxc1 28. Rxc1 Rc8 29. Bb5 $1 Rxc1 30. Bxc1 $16 {[%mdl 4096] Endgame KBB-KBN} Bc8 31. Ke3 (31. Bg5 $18) 31... Nd7 32. Kd4 Kf8 33. e5 e6 34. d6 Nb8 (34... f6 $16 {was worth a try.}) 35. Bh6+ $18 Kg8 36. Bg5 $1 Bd7 37. Bxd7 $1 Nxd7 {KB-KN} 38. Be7 $1 Kg7 $2 (38... g5 39. Bxg5 Kf8) 39. f4 Kg8 40. Kc4 a6 41. Kd4 Kg7 42. a4 Kg8 $2 (42... f5) 43. Kc4 $2 (43. g5 Kg7 44. Kc4) 43... Kg7 $2 (43... f5 {keeps fighting.}) 44. Kb4 Kg8 (44... Nb8 $142 45. a5 b5) 45. Bd8 Kf8 46. Be7+ Kg8 47. Ka3 $2 (47. g5 {Hoping for Bd8.} f5 48. gxf6) 47... Kg7 48. Kb3 $2 ({Better is} 48. g5 $1 $18) 48... Kg8 $2 {[%mdl 8192]} (48... f6 $11) 49. Ka2 $2 (49. g5 Kh8 50. Bd8) 49... Kg7 $2 {[#]} (49... f5) 50. Kb2 $2 (50. g5 $1 $18 {Black must now prevent Kb3.} Kg8 51. Ka3) 50... Kg8 $2 (50... f6 $11 {and Black stays safe.}) 51. Kb1 (51. Kc3 $18) 51... Nc5 ({Black should play} 51... f5 $1 $14) 52. Ka2 Nd7 $2 (52... f5 {is tougher.}) 53. Ka3 $2 (53. g5 Nc5 54. Ka3) 53... Kg7 $1 {[#]} 54. Kb4 $2 (54. g5 $1) 54... Kg8 $1 55. Bd8 (55. g5 $142 f6 56. Bxf6 (56. exf6 Kf7 $16)) 55... Kf8 {[#] and the idea ...Ke8 leaves Black hopeful.} 56. Bxb6 $1 {[%mdl 512]} Nxb6 {KN-KP} 57. Ka5 $1 {[%csl LRa6,LRb6]} Nd7 58. Kxa6 Ke8 59. Kb7 Kd8 60. a5 {[%cal Ba4a5,Ba5a6][%mdl 32]} Nc5+ 61. Kc6 {White mates.} Na6 62. Kb6 Nb8 63. a6 Nd7+ 64. Kc6 Nb8+ 65. Kb7 Nxa6 66. Kxa6 {KP-KP} Kc8 67. Kb6 Kd7 68. Kc5 Kd8 69. Kc6 Kc8 70. d7+ Kd8 71. Kd6 g5 72. fxg5 f6 73. g6 {Accuracy: White = 69%, Black = 50%.} 1-0

[Event "Moscow-ch Women 2020"]
[Site "Moscow"]
[Date "2020.09.15"]
[Round "2.9"]
[White "Petrova, Elizaveta"]
[Black "Dimitrova, Aleksandra"]
[Result "1/2-1/2"]
[WhiteElo "1647"]
[BlackElo "2229"]
[Annotator "TA"]
[PlyCount "80"]
[EventDate "2020.09.15"]
[EventType "swiss"]
[EventCountry "RUS"]
[SourceTitle "playchess.com"]
[Source "ChessBase"]
[SourceQuality "1"]

{[%evp 11,80,0,-4,1,-6,-23,-11,-34,-35,-34,-27,-32,-28,-38,-34,-38,-37,-46,-25,-34,-22,-11,0,-15,-21,-43,-50,-110,-70,-84,-57,-50,-37,-83,-25,-27,-20,-21,-11,-11,-11,-11,-11,-16,-7,-11,0,-7,-7,-7,0,-25,0,0,0,0,0,0,0,0,0,0,0,0,0,0,3,0,0,0,0]} 1. d4 Nf6 2. c4 e6 3. Nf3 c5 4. Nc3 cxd4 5. Nxd4 Bb4 6. Bd2 O-O 7. g3 {A32: Symmetrical English: 2 Nf3 Nf6 3 d4 cxd4 4 Nxd4 e6.} Nc6 8. Nxc6 dxc6 9. a3 Be7 10. Qc2 e5 11. Bg2 Be6 12. b3 {[#]} Nd7 $146 ({Predecessor:} 12... Qd7 13. O-O Bf5 14. Qb2 Bh3 15. Rad1 Bxg2 16. Kxg2 Qe6 17. Bg5 Rfe8 18. Bxf6 Bxf6 {0-1 (31) Chu,Q (1854)-Nguyen,H (2162) Ho Chi Minh City 2019}) 13. O-O f5 14. e3 Qe8 15. Ne2 Qh5 16. Bc3 Rf6 17. f4 Rh6 18. h4 e4 19. Bd4 (19. Rfd1 $15) 19... c5 20. Bb2 Nf6 21. Bxf6 $1 Rxf6 22. Kf2 Rff8 (22... Rg6 $17) 23. Nc3 Rfd8 24. Rad1 Qf7 25. Rxd8+ Rxd8 26. Rd1 a6 27. Rxd8+ Bxd8 28. Bf1 h6 29. Qd1 Ba5 30. Nd5 Kh7 31. a4 b5 32. axb5 {The position is equal.} axb5 33. Be2 Qb7 34. Qa1 Bd8 35. Qe5 Qd7 36. Bf1 Bxd5 37. Qxd5 Qxd5 38. cxd5 b4 39. Bc4 h5 40. Kf1 g6 {Accuracy: White = 91%, Black = 85%.} 1/2-1/2

[Event "Moscow-ch Women 2020"]
[Site "Moscow"]
[Date "2020.09.15"]
[Round "2.10"]
[White "Merkulova, Viktoria"]
[Black "Miroshnik, Ekaterina"]
[Result "1/2-1/2"]
[WhiteElo "1436"]
[BlackElo "2139"]
[Annotator "TA"]
[PlyCount "267"]
[EventDate "2020.09.15"]
[EventType "swiss"]
[EventCountry "RUS"]
[SourceTitle "playchess.com"]
[Source "ChessBase"]
[SourceQuality "1"]

{[%evp 13,267,30,27,-22,-10,-7,-6,-19,-2,-25,-18,-14,-22,-38,-41,-50,-43,-60,-68,-91,-110,-91,-93,-97,-52,-50,-42,-101,-53,-104,-91,-100,-98,-90,-79,-88,-95,-137,-135,-129,-102,-104,-106,-141,-147,-112,-89,-117,-106,-102,-75,-82,-75,-79,-68,-73,-74,-96,-47,-120,-120,-116,-93,-120,-117,-153,-118,-152,-108,-105,-91,-110,-36,-66,-61,-108,-108,-150,-136,-253,-253,-249,-256,-281,-221,-193,-188,-493,-466,-600,-599,-467,-418,-544,-539,-470,-239,-253,-110,-253,-231,-245,-219,-239,-218,-682,-675,-631,-618,-834,-829,-1303,-1281,-870,-625,-1137,-954,-29971,-29971,-11274,-7025,-2427,-1212,-29966,-10980,-29942,-29949,-29978,-29979,-29980,-29980,-29968,-5716,-29980,-1032,-29980,-29981,-29975,-29965,-29959,-12780,-6739,-5093,-1130,-208,-208,-208,-208,-8,-8,-8,-8,0,0,0,0,0,0,0,0,0,0,0,0,0,0,0,0,0,0,0,0,0,0,0,0,0,0,0,0,0,0,0,0,0,0,0,0,0,0,0,0,0,0,0,0,0,0,0,0,0,0,0,0,0,0,0,0,0,0,0,0,0,0,0,0,0,0,0,0,0,0,0,0,0,0,0,0,0,0,0,0,0,0,0,0,0,0,0,0,0,0,0,0,0,0,0,0,0,0,0,0,0,0,0,0]} 1. e4 d6 2. d4 Nf6 3. Nc3 e5 4. Nf3 Nbd7 5. Bc4 Be7 6. O-O O-O 7. h3 {Recently 7.a4 got a lot of attention.} c6 8. d5 {C41: Philidor Defence.} Nc5 9. dxc6 bxc6 10. Re1 {[#]} Be6 $146 ({Predecessor:} 10... a5 11. Bg5 Qc7 12. Bxf6 Bxf6 13. Qe2 Ne6 14. Rad1 Rd8 15. Rd2 Nf4 16. Qd1 Qd7 {0-1 (46) Prior,B (1643)-Gerstmayr,C (1738) Moehnesee 2005}) 11. Bb3 Nxb3 12. axb3 Nd7 13. Be3 a5 14. Qd2 h6 15. Nh2 f5 16. f4 fxe4 17. Nxe4 d5 18. Ng3 Bh4 19. Nhf1 $1 e4 20. Bf2 (20. Ra4 $15) 20... Qf6 (20... Be7 {is more complex.} 21. Ne3 Qc7 22. f5 Bf7 23. Ne2 Bb4) 21. f5 (21. Ra4 $15) 21... Bxf5 $17 22. Nxf5 Bxf2+ 23. Qxf2 Qxf5 24. Qxf5 Rxf5 25. Ne3 Rff8 26. Rf1 Rfe8 27. Nf5 Nb6 28. c4 dxc4 29. Nd6 Red8 ({Much weaker is} 29... cxb3 $6 30. Nxe8 Rxe8 31. Rxa5 $11) (29... Re6 {is interesting.} 30. Nxc4 Nd5 31. Rfe1 Rb8 32. Nxa5 Rb5) 30. Nxc4 Nxc4 31. bxc4 {[%mdl 4096] Endgame KRR-KRR} Rd2 32. Rf2 Rd4 33. Ra4 e3 34. Re2 Re8 35. Ra3 Rxc4 36. Raxe3 (36. Rxa5 $15 Rd4 37. Ra3) 36... Rxe3 37. Rxe3 {KR-KR} Rc2 38. b3 Kf7 39. Kf1 Kf6 40. Kg1 Rc5 41. Kf2 Rb5 42. Rc3 c5 (42... Ke7 $17 43. Rxc6 Rxb3 44. Rc7+ Kf6 45. Rc6+ Kf7 46. Rc7+ Kg6 47. Rc6+ Kf7 48. Rc7+ Kg6 49. Rc6+ Kh7) 43. Ke3 Ke5 44. Kd3 Kd5 45. Ke3 Rb7 46. Rd3+ {[#]} (46. Kd2 $17) 46... Kc6 $1 $19 47. Rc3 Kb5 48. Rc4 Re7+ 49. Kd3 Rd7+ 50. Ke3 $2 {[#]} (50. Kc2) 50... Rd4 $1 {[%mdl 512]} 51. Rc2 (51. Rxd4 cxd4+) 51... Kb4 52. Rc1 Rd5 53. Ra1 Rg5 54. g4 Re5+ (54... Kxb3 $142 {aiming for ...c4.} 55. Kd2 Rd5+ 56. Kc1 c4 57. Rb1+ Kc3) 55. Kd2 Kb5 ({Resist} 55... Kxb3 56. Rxa5 Rd5+ 57. Kc1 $17) (55... g5 $19 {has better winning chances.} 56. Ra4+ Kb5) 56. Ra4 (56. Rf1 $17) 56... Rd5+ 57. Kc3 {[#]} Rd4 $1 {[%cal Rd4a4][%mdl 512]} 58. Ra2 (58. Rxd4 cxd4+) 58... Rf4 59. Rh2 $2 (59. Re2) 59... Rf3+ 60. Kc2 Kb4 61. Re2 {If White can now play Re4+ this consolidates a bit.} Rc3+ 62. Kd2 Kxb3 {( -> ...Rc2+)} 63. Re7 Rxh3 64. Rxg7 Rh2+ 65. Kd1 c4 66. Rb7+ Kc3 67. Ra7 Rd2+ (67... Ra2 $142 68. Rh7 a4) 68. Ke1 Rd5 69. Ra6 h5 70. gxh5 Rxh5 71. Kd1 Rd5+ 72. Kc1 Rg5 (72... Rb5 $142 73. Rh6 Kb3 74. Kb1 c3 75. Ra6 a4 76. Ra8 c2+ 77. Kc1 a3 78. Rh8 a2 79. Rh3+ Ka4 80. Rh6 a1=Q+ 81. Kxc2 Qd4 82. Ra6+ Kb4 83. Rc6 Rd5 84. Rb6+ Qxb6 85. Kb2 Rd2+ 86. Kc1 Qh6 87. Kb1 Qh1#) 73. Kd1 Kb4 (73... Rb5 $142 74. Kc1 Kb3 75. Rh6 a4 76. Kb1 a3 77. Ka1 c3 78. Rh1 a2 79. Rh3 Rd5 80. Rd3 Kc4 81. Rxd5 Kxd5 82. Kxa2 Kd4 83. Kb3 Kd3 84. Kb4 c2 85. Kc5 c1=Q+ 86. Kd5 Qc7 87. Ke6 Ke4 88. Kf6 Qc6+ 89. Kf7 Kf5 90. Kf8 Kf6 91. Kg8 Qg2+ 92. Kh8 Qg7#) 74. Rb6+ Rb5 75. Rc6 a4 76. Kc2 Rb7 (76... a3 $142 77. Rc8 Ra5 78. Rb8+ Kc5 79. Rc8+ Kb5 80. Kb1 Kb4 81. Rh8 c3 82. Rb8+ Rb5 83. Rh8 Kb3 84. Ra8 Rb4 85. Ra5 c2+ 86. Kc1 a2 87. Rxa2 Kxa2 88. Kxc2 Rb3 89. Kd2 Kb1 90. Ke1 Rb2 91. Kf1 Kc1 92. Ke1 Rc2 93. Kf1 Kd1 94. Kg1 Ke1 95. Kh1 Kf2 96. Kh2 Rc3 97. Kh1 Rh3#) 77. Rc8 Rb6 78. Rc7 Ra6 $2 (78... Rb8 79. Ra7 a3) 79. Rb7+ Kc5 {...a3 is the strong threat.} 80. Rc7+ Rc6 $2 (80... Kd4 $19 81. Rd7+ Ke5 82. Re7+ Kd4 83. Rd7+ Ke4 84. Re7+ Kd5 85. Rd7+ Kc6) 81. Ra7 $11 {The position is equal.} Kb4 82. Rb7+ Ka3 83. Kc3 Rh6 84. Kxc4 Rc6+ 85. Kd3 Ka2 {White must now prevent ...Rc8.} 86. Kd2 a3 87. Rb8 Ka1 88. Rb7 Rh6 89. Rb3 Rh2+ (89... a2 {seems wilder.} 90. Rb8 Rh7 91. Kc3 Rc7+ 92. Kd2 Rg7) 90. Kc1 Ka2 (90... a2 {seems wilder.} 91. Rb8 Rg2 92. Rb7 Rf2 93. Ra7 Rh2) 91. Rb8 Rb2 92. Ra8 Rb4 93. Kc2 Rc4+ 94. Kd3 Rc1 95. Kd2 Rc7 (95... Ra1 {looks sharper.} 96. Kc3 Rh1 97. Rg8 Rc1+ 98. Kb4 Kb1) 96. Rb8 Rg7 97. Kc2 Rg1 98. Rb7 Rg2+ 99. Kc1 Rg4 100. Kc2 Rc4+ 101. Kd3 Rc8 (101... Rc1 {seems wilder.} 102. Rh7 Ka1 103. Ra7 Kb2 104. Rb7+ Ka1) 102. Kd2 Ka1 {Threatens to win with ...Rc5.} 103. Rb3 Ka2 104. Rb7 $1 Rf8 105. Kc2 Rf2+ 106. Kc1 Rb2 107. Ra7 Rb4 108. Kc2 Rg4 {next ...Rc4+ is good for Black.} 109. Rb7 Rg2+ 110. Kc1 Rg1+ 111. Kc2 Ka1 112. Rb3 {[%cal Rb3a3]} Rg2+ 113. Kc1 Ka2 (113... a2 {with more complications.} 114. Rb7 Rf2 115. Ra7 Rh2 116. Ra8 Rh7) 114. Rb7 Re2 (114... Rg1+ {is interesting.}) 115. Rb8 Re4 116. Kc2 Rh4 117. Rb7 Rh2+ 118. Kc1 Rb2 119. Ra7 Rb8 120. Kc2 Rc8+ 121. Kd2 Kb2 122. Rb7+ Ka1 {Hoping for ...a2.} 123. Rb3 a2 (123... Ra8 {keeps more tension.} 124. Kc2 Ka2 125. Rb7 Ra6 126. Kc3 Rc6+) 124. Rb7 Rh8 125. Kc2 Rh1 126. Rb8 Rh2+ 127. Kc1 Rh4 128. Kc2 Rc4+ 129. Kd2 Rc6 130. Rb7 Rg6 131. Kc2 Rg1 132. Rb8 Rb1 133. Ra8 Rb2+ 134. Kc1 {Whites escaped into a draw. Accuracy: White = 66%, Black = 79%.} 1/2-1/2